| 000 | 00609nam a22001937a 4500 | ||
|---|---|---|---|
| 003 | OSt | ||
| 005 | 20260310033557.0 | ||
| 008 | 260310b |||||||| |||| 00| 0 eng d | ||
| 020 | _a0385509308 | ||
| 040 |
_aDWCL-Main Lib _cOC |
||
| 082 |
_21st edition _aProf. 813.6 J69 2003 |
||
| 100 | _aJohnson, Spencer | ||
| 245 | _aThe Present : the gift that makes you happy and succesful at work and in life | ||
| 260 |
_aNew York : _bDoubleday, _cc2003. |
||
| 300 |
_a109 pages ; _c21 cm. |
||
| 650 | _aHappiness - Fiction. | ||
| 650 | _aSuccess in business - Fiction. | ||
| 942 |
_2ddc _cPROF. _e1st edition _mProf. _n0 |
||
| 999 |
_c8845 _d8845 |
||